000 00814nam a22002057a 4500
999 _c12209
_d12209
003 AR-CdUCM
008 190408b ||||| |||| 00| 0 spa d
040 _aMUNICIPALIDAD PROVINCIAL DEL CUSCO
_cBIBLIOTECA MUNICIPAL DEL CUSCO
082 _aES / 860.9 /
_bES23
100 _aEdelvives
_929951
245 _aEl ingenioso hidalgo don Quijote de la Mancha /
260 _aZaragoza :
_bEditorial Luis Vives, s.a.,
_c1953.
300 _a312 paginas
_c20 cm.
500 _aEdición escolar
505 _aContenido :Que trata de la condición y ejercicio del famoso hidalgo don Quijote de la Mancha -- De como fue curado el ingenioso hidalgo en la venta que el imaginaba ser castillo ...
650 _aDon Quijote de la Mancha
_926830
650 _aLiteratura española
_9362
942 _2ddc
_cLIBROS
945 _arum